00237 a2200097 4500000002500000005001700025100001900042245003400061250000600095260003800101 nam a22 7a 450020260210170242.0 aDugatkin, L. A aPrinciples of Animal Behavior a5 bUniversity of Chicago Pressc2025